000 00341 a2200157 4500
001 50291
020 _a8599007319
040 _cAnchieta - Bela Vista
100 _aGouveia, Luis Augusto
240 1 0 _aVítor e Gabriel
_lpor
245 1 0 _aVítor e Gabriel
300 _a40
362 0 _a2006
650 4 _aLiteratura juvenil
942 _cBK
999 _c50291
_d50291